| 000 | 00457nam a2200169Ia 4500 | ||
|---|---|---|---|
| 001 | 24676 | ||
| 005 | 20260414151059.0 | ||
| 008 | 260414t2013||||xx |||||||||||||| ||spa|| | ||
| 041 | _aESP | ||
| 082 |
_a345.721 _bM86 |
||
| 100 |
_aMoreno Rodriguez, José A. _eAUT |
||
| 245 | 0 |
_aDerecho aplicable y arbitraje internacional : _bprólogo por Fernando Cantuarias Salaverry |
|
| 260 | _c2013 | ||
| 650 | _aDER | ||
| 654 | _aCDE | ||
| 942 |
_cLIB _dJUS _fJUS _2ddc _n |
||
| 999 |
_c24676 _d24676 |
||